| 000 | 00595nam a2200205 a 4500 | ||
|---|---|---|---|
| 001 | 23813 | ||
| 003 | CO-ViMGA | ||
| 008 | 141112s2004 ck r 000 u spa d | ||
| 020 | _a9789588675107 | ||
| 040 |
_aCO-ViMGA _bspa _cCO-ViMGA |
||
| 082 | 0 | 4 | _a658.404 M173c |
| 100 | 1 |
_aMateo, Daniel _934479 |
|
| 245 | 1 | 0 |
_aComo gestionar y planificar un proyecto en la empresa / _cDaniel Mateo. |
| 260 |
_aColombia : _bEdiciones U |
||
| 300 | _a200p. | ||
| 650 | 1 | 4 | _aEVALUACION DE PROYECTOS |
| 650 | 1 | 4 |
_aGESTION DE PROYECTOS _934480 |
| 650 | 1 | 4 |
_aPLANIFICACION DE PROYECTOS _915183 |
| 942 |
_2ddc _cBK |
||
| 999 |
_c31895 _d31895 |
||